| 000 | 00418cam a22001217a 4500 | ||
|---|---|---|---|
| 008 | 180718b-- xxu||||| |||| 00| 0 eng d | ||
| 082 | _aT19x5442 M277 | ||
| 245 |
_aMaharashtra: an economic review _cby Directorate of Economics and Statistics |
||
| 260 |
_aBombay _bGovernment Central Press _c-- |
||
| 300 | _av.p. | ||
| 500 | _aContents: Library has 1974-78 | ||
| 700 | _aMaharashtra. Directorate of Economics and Statistics | ||
| 999 |
_c497193 _d497193 |
||